00661nam a2200193Ia 4500003000400000005001700004008004100021040000700062041001200069082002000081100003000101245004200131260005800173365001300231906004500244942001200289999001900301952014700320OSt20250930180615.0210423s2004 xx 000 0 und d cAL aEnglish a301.0954 bSHAI aRajendra K Sharma9122847 aIndian society institution and change aNew DelhibAtlantic Publishers and Distributorsc2004 b595cINR achange. ; Indian ; institution ; society 2ddccBK c174081d174081 001040708MSWaSACPGbSACPGd2005-08-24eAlka Prakashang595.00l2o301.0954 SHAIpPG020746r2023-02-06 00:00:00s2023-01-30w2021-04-26yBK